Most Mentioned Ally and Threat by Country - Statistics

General Stats
  • This quiz has been taken 67 times
  • The average score is 35 of 48
Answer Stats
Hint Percent Answer % Correct
United States* 42 China
98%
United States 18 United Kingdom
98%
Canada 55 United States
98%
Germany 53 France
92%
France 45 Germany
92%
Germany* 59 Russia
91%
France* 50 Russia
89%
Greece* 74 Turkey
87%
Netherlands* 57 Russia
85%
United Kingdom* 49 Russia
85%
Australia* 52 China
83%
Japan* 53 China
83%
Poland* 81 Russia
83%
Sweden* 77 Russia
83%
Spain 17 France
81%
South Korea* 40 North Korea
81%
India* 41 Pakistan
81%
Italy* 32 Russia
81%
Japan 78 United States
81%
South Korea 89 United States
81%
Israel 95 United States
81%
Israel* 52 Iran
79%
United Kingdom 51 United States
79%
Australia 35 United States
79%
Netherlands 54 Germany
77%
Hungary* 33 Russia
77%
Sweden 20 Finland
75%
Canada* 59 United States
75%
India 35 United States
75%
Spain* 31 United States
74%
Italy 42 United States
70%
Poland 43 United States
70%
Mexico 37 United States
70%
Indonesia* 40 United States
68%
Brazil 41 United States
66%
Mexico* 68 United States
66%
Indonesia 27 China
64%
Greece 32 France
62%
Hungary 23 United States
58%
Kenya 38 United States
58%
Brazil* 29 United States
57%
South Africa* 35 United States
55%
South Africa 45 China
53%
Nigeria 33 China
51%
Turkey* 43 Israel
51%
Turkey 42 Azerbaijan
42%
Kenya* 25 Somalia
42%
Nigeria* 15 China
40%
No matching quizzes found
Score Distribution
Percent of People with Each Score
Percentile by Number Answered
Your Score History
You have not taken this quiz